000
00196 a2200097 4500
020
_a
9789686044188
041
_a
spa
100
_a
David Martin del Campo
245
_a
La Rana Amarilla
942
_c
K
999
_c
28757
_d
28757